Statistics for Hunger Games Quiz

Click here to take the quiz!

General Stats

  • This quiz has been taken 45 times
  • The average score is 19 of 22

Answer Stats

Hint Answer % Correct
Female Victor of the 74th Hunger GamesKatniss Everdeen
100%
Male Victor of the 74th Hunger GamesPeeta Mellark
100%
District of the above12
100%
Sister of the abovePrim Rose Everdeen
98%
President of PanemPresident Snow
95%
Katniss' first ally in her first GamesRue
93%
Winner of the 50th Hunger GamesHaymitch Abernathy
93%
How many people usually play in the Hunger Games24
93%
Capitol Escort For Katniss and PeetaEffie Trinket
93%
Katniss' bestfriend before the GamesGale Hawthorne
91%
Katniss' StylistCinna
91%
How many people played in the 50th Hunger Games48
86%
President of District 13President Coin
86%
Youngest Victor EverFinnick Odair
84%
The 25th,50th,and 75th Hunger GamesQuarter Quell
82%
Who gives Katniss The Mockingjay pinMadge
80%
Where is Panem in the modern dayNorth America
75%
Old Woman who works at The HobGreasy Sae
75%
Section of District 12 where Katniss livesThe Seam
70%
How did Katniss' dad dieMining Accident
59%
Peacekeeper of District 12Cray
39%

Score Distribution

Percentile by Number Answered

Percent of People with Each Score

Your Score History

You have not taken this quiz